00482nam a22001697a 450000500170000001000130001702000260003003500170005603500130007303700190008608200060010510000160011124500610012726000350018827000610022330000280028420150123152009.0 aBAC-CH25 a9780143331445c250.00 aB-555472-499 aG-003119 adplbAakar/Ven aN aHair, David aSwayamvara: Book 2 The Return of Ravana /cby David Hair aNew DelhibPenguin Booksc2011 a11 Community Centre, Panchsheel Park,bNew Delhie110017 a318p.:c19cm(pbk)bill.